000 00456nam a2200169Ia 4500
003 GCL
008 140319s9999 xx 000 0 eng d
040 _aGCL /
_cGCL
082 0 4 _a005.74
_bD U
100 1 _aDAVIS. STEVE
245 1 0 _aUSING DBASE IV 2.0 SPECIAL EDITION /
_cDAVIS. STEVE
260 _a[S.N] :
_bQUE CORPORATION ،
_c1993
300 _a1033 P
650 0 4 _aDBASE IV 2.0 (COMPUTER PROGRM )
650 0 4 _aCOMPUTER PROGRM
942 _2ddc
_cBK
999 _c23907
_d23907